Angeles Principiantes

Guardat en:
Dades bibliogràfiques
Autor principal: Valdebenito Iturrieta, Darío Antonio (autor)
Format: Llibre
Idioma:espanyol
Publicat: Valparaíso, Chile: Darío Valdebenito Iturrieta, 2018
Matèries:
Etiquetes: Afegir etiqueta
Sense etiquetes, Sigues el primer a etiquetar aquest registre!

MARC

LEADER 00000cam a2200000 a 4500
001 UCB0105
003 CL-VaPUC
005 20230531074424.0
008 191206e20180000cl spa d
999 |c 376327  |d 376325 
020 |a 978-956-354-060-4 
040 |c Pontificia Universidad Católica de Valparaíso 
082 0 4 |a Ch861 VAL 2018  |2 21 
100 1 |a Valdebenito Iturrieta, Darío Antonio  |e autor  |9 605418 
245 1 0 |a Angeles Principiantes 
260 |a Valparaíso, Chile:  |b Darío Valdebenito Iturrieta,  |c 2018 
300 |a 113 páginas 
500 |a c.1-c.2. Donación. Memo 09/2022. 18/04/2022 
583 |a last modification  |c 20191206 10:52:00  |k Rodrigo Vera 
650 0 0 |a Poesías chilenas   |9 265280 
650 0 0 |a Literatura chilena   |9 308278 
942 |c BK  |2 ddc 
945 |a dcastane  |d 20191206 10:52:00 
952 |0 0  |1 0  |2 ddc  |3 erb  |4 0  |6 CH_861_000000000000000_VAL_2018  |7 0  |8 A  |9 495704  |a BIBEDU  |b BIBEDU  |i 5611857  |l 1  |o Ch861 VAL 2018  |p 5611857  |r 2022-09-26  |s 2022-09-26  |w 2020-01-06  |y BK  |z Catalogado en:20191206  |k LIT 
952 |0 0  |1 0  |2 ddc  |4 0  |6 CH_861_000000000000000_VAL_2018  |7 0  |8 A  |9 583374  |a BIBEDU  |b BIBEDU  |c GEN  |d 2022-06-03  |e Donación  |i 5651517  |l 2  |o Ch861 VAL 2018  |p 5651517  |r 2022-09-28  |s 2022-09-23  |t 2  |w 2022-06-03  |y BK  |k LIT 
952 |0 0  |1 0  |2 ddc  |4 0  |6 CH_861_000000000000000_VAL_2018  |7 0  |8 A  |9 583375  |a BIBEDU  |b BIBEDU  |c GEN  |d 2022-06-03  |e Donación  |i 5651518  |l 1  |o Ch861 VAL 2018  |p 5651518  |r 2022-09-26  |s 2022-09-26  |t 3  |w 2022-06-03  |y BK  |k LIT